[Event "ch-HUN w"]
[Site "Nagykanizsa HUN"]
[Date "2010.05.20"]
[Round "6"]
[White "Papp,P"]
[Black "Toth,Li"]
[Result "1/2-1/2"]
[WhiteElo "2270"]
[BlackElo "2175"]

1.e4 c5 2.Nf3 d6 3.d4 cxd4 4.Nxd4 Nf6 5.Nc3 Nc6 6.Bg5 e6 7.Qd2 Be7 8.O-O-O a6
9.f4 Nxd4 10.Qxd4 b5 11.Bxf6 gxf6 12.e5 d5 13.Be2 Rg8 14.Bf3 Bb7 15.Qd3 f5
16.g4 b4 17.Ne2 fxg4 18.Qxh7 Rg6 19.Be4 dxe4 20.Qh8+ Bf8 21.Rxd8+ Rxd8 22.Qh4 Bc5
23.Qg3 e3 24.Rd1 Bf3 25.Rxd8+ Kxd8 26.Kd1 Rh6 27.Ke1 Be7 28.Qg1 Bh4+ 29.Ng3 Bxg3+
30.Qxg3 Rh3 31.Qg1 g3 32.Qxe3 gxh2 33.Qb6+ Kc8 34.Qc5+ Kd7  1/2-1/2

[Event "ch-CAT"]
[Site "Sabadell ESP"]
[Date "2010.05.20"]
[Round "3.2"]
[White "Alsina Leal,D"]
[Black "Fluvia Poyatos,Joa"]
[Result "0-1"]
[WhiteElo "2547"]
[BlackElo "2479"]

1.e4 c5 2.Nf3 Nc6 3.d4 cxd4 4.Nxd4 Nf6 5.Nc3 d6 6.Bg5 Bd7 7.Qd2 Rc8 8.f4 Nxd4
9.Qxd4 Qa5 10.e5 dxe5 11.fxe5 e6 12.O-O-O Bc6 13.Nb5 Bxb5 14.exf6 Bc6 15.h4 g6
16.Bc4 Bc5 17.Qg4 h5 18.Qg3 Be4 19.Rhe1 Bf5 20.Rd5 Bxc2 21.Kxc2 O-O 22.Rde5 b5
23.Kb1 bxc4 24.Bc1 Bd6 25.Rxa5 Bxg3 26.Re4 c3 27.b4 c2+ 28.Kb2 Bf2 29.Ra3 e5
30.Rf3 Bd4+ 31.Kb3 Rc6 32.Re2 Rfc8 33.a3 Rc3+ 34.Rxc3 Rxc3+ 35.Ka4 Kf8 36.Kb5 Ke8
37.a4 Kd7 38.a5 Kc7 39.Ka4 a6 40.b5 Rc4+ 41.Kb3 axb5 42.Rxc2 Rxc2 43.Kxc2 e4
44.Bg5 Kb7 45.Kb3 Ka6  0-1

[Event "34th Open"]
[Site "Fourmies FRA"]
[Date "2010.05.23"]
[Round "5"]
[White "Haverkamp,K"]
[Black "Strugnell,C"]
[Result "0-1"]
[WhiteElo "1977"]
[BlackElo "2255"]

1.e4 c5 2.Nf3 d6 3.d4 cxd4 4.Nxd4 Nf6 5.Nc3 Nc6 6.Bg5 e6 7.g3 h6 8.Bxf6 Qxf6
9.Ndb5 Qd8 10.Bg2 Be7 11.O-O O-O 12.Nd4 Qb6 13.Nb3 Qc7 14.Qe2 a6 15.Nd1 b6
16.Ne3 Bb7 17.c3 Ne5 18.f4 Nd7 19.Rfe1 Rfd8 20.Rad1 Rac8 21.Nd4 Nc5 22.Ng4 Bf8
23.Nf2 b5 24.Rd2 Na4 25.Red1 Nb6 26.Re1 Qc4 27.Nd3 Nd7 28.Nb3 Ba8 29.Na5 Qc7
30.Nb3 Qb6+ 31.Kh1 a5 32.a3 a4 33.Nd4 Nc5 34.Nb4 Rb8 35.Rdd1 e5 36.Ndc2 exf4
37.gxf4 Re8 38.Nd5 Qd8 39.Qf1 Qh4 40.Ncb4 Re6 41.f5  0-1

[Event "34th Open"]
[Site "Fourmies FRA"]
[Date "2010.05.24"]
[Round "6"]
[White "Le Quang,K"]
[Black "Leon Hoyos,M"]
[Result "1/2-1/2"]
[WhiteElo "2312"]
[BlackElo "2538"]

1.e4 c5 2.Nf3 d6 3.d4 cxd4 4.Nxd4 Nf6 5.Nc3 Nc6 6.Bg5 e6 7.Qd2 a6 8.O-O-O Be7
9.Bxf6 gxf6 10.f4 Bd7 11.Nf3 Qa5 12.Kb1 O-O-O 13.g3 Kb8 14.Bh3 Qc7 15.Rhe1 Rc8
16.Bf1 Na5 17.Rc1 Qb6 18.Nd1 Rc5 19.Ka1 Rc7 20.Ne3 Rhc8 21.c3 Bc6 22.b4 Bxe4
23.bxa5 Qxa5 24.c4 Qc5 25.Nd4 f5 26.Red1 Bf6 27.Bg2 Bxg2 28.Nxg2 d5 29.Ne3 b5
30.Kb1 dxc4 31.Nec2 Rd8 32.Qe3 Rdc8 33.Nf3 Qxe3 34.Nxe3 Be7 35.Ne5 f6 36.Nf3 Ba3
37.Rc2 Bc5 38.Re2 Kb7 39.Nc2  1/2-1/2

[Event "2nd Kahraman Olgac Mem"]
[Site "Instanbul TUR"]
[Date "2010.05.26"]
[Round "5"]
[White "Erdogdu,M"]
[Black "Tsatsalashvili,K"]
[Result "1/2-1/2"]
[WhiteElo "2458"]
[BlackElo "2257"]

1.e4 c5 2.Nf3 d6 3.d4 cxd4 4.Nxd4 Nf6 5.Nc3 Nc6 6.Bg5 e6 7.Qd2 a6 8.O-O-O Bd7
9.f3 Qa5 10.Be3 b5 11.Kb1 Rc8 12.g4 Nxd4 13.Bxd4 b4 14.Ne2 e5 15.Be3 Be6
16.Nc1 h6 17.Nb3 Qa4 18.Bd3 d5 19.exd5 Nxd5 20.Bf5 Rd8 21.Qe2 Bxf5 22.gxf5 Qb5
23.Rd3 Be7 24.Rg1 Nxe3 25.Qxe3 Rxd3 26.Qxd3 Qxd3 27.cxd3 O-O 28.Rg4 h5 29.Re4 Bd6
30.Nd2 g6 31.f6 Rd8 32.Kc2 Kh7 33.Rc4 e4 34.Nxe4 Bxh2 35.Ng5+ Kg8 36.Rxb4 Be5
37.Rb6 a5 38.Rc6 a4 39.b4 axb3+ 40.axb3 Rb8 41.b4 Bf4 42.Nh3 Rxb4 43.Rc8+ Kh7
44.Rf8 g5 45.Rxf7+ Kg6 46.Rf8 Rb6 47.f7 Rc6+ 48.Kb3 Rf6 49.Nxg5 Bxg5 50.Rg8+ Kxf7
51.Rxg5 Rxf3 52.Kc4 h4 53.d4 h3 54.Rh5 Ke6 55.d5+ Kd6 56.Rh6+ Kd7 57.Kd4 Ra3
58.Ke5 Re3+ 59.Kf4 Ra3 60.Ke5 Re3+ 61.Kd4 Ra3 62.Rh7+ Kd6 63.Rh6+ Kd7 64.Kc5 Rc3+
65.Kd4  1/2-1/2

[Event "XXIX Open A"]
[Site "Zalakaros HUN"]
[Date "2010.05.27"]
[Round "2"]
[White "Straubinger,D"]
[Black "Nagy,Kr"]
[Result "1-0"]
[WhiteElo "2198"]
[BlackElo "1952"]

1.e4 c5 2.Nf3 d6 3.d4 Nf6 4.Nc3 cxd4 5.Nxd4 Nc6 6.Bg5 Qb6 7.Bxf6 gxf6 8.Nb3 e6
9.Qd2 a6 10.O-O-O h5 11.Kb1 Qc7 12.f4 Bh6 13.g3 Ke7 14.Qf2 Rb8 15.Be2 b5
16.Bxh5 Bxf4 17.Qxf4 Rxh5 18.Rdf1 b4 19.Qxf6+ Ke8 20.Ne2 Ne5 21.g4 Rh7 22.g5 Qe7
23.Qf4 Ng6 24.Qe3 Rb5 25.Rfg1 Rh5 26.h4 Rxh4 27.Rxh4 Nxh4 28.Ned4 Rb7 29.Na5 Rb6
30.Nf5 exf5 31.Qxb6 fxe4 32.Nc6 Qd7 33.Rg4 Nf3 34.Rxe4+ Kf8 35.Rxb4 Nxg5
36.a4 Qe8  1-0

[Event "XXIX Open A"]
[Site "Zalakaros HUN"]
[Date "2010.05.29"]
[Round "4"]
[White "Korpa,B"]
[Black "Pergel,L"]
[Result "0-1"]
[WhiteElo "2172"]
[BlackElo "2285"]

1.e4 c5 2.Nf3 Nc6 3.d4 cxd4 4.Nxd4 Nf6 5.Nc3 d6 6.Bg5 e6 7.Qd2 Be7 8.O-O-O O-O
9.Nb3 a6 10.Bxf6 gxf6 11.f4 Kh8 12.f5 b5 13.Kb1 b4 14.Ne2 a5 15.Nf4 Qb6 16.Nh5 Rg8
17.Qh6 Qd8 18.Nf4 a4 19.Nc1 Ne5 20.Ncd3 Ng4 21.Qh5 Rg5 22.Qh4 b3 23.c3 bxa2+
24.Kxa2 exf5 25.exf5 Bxf5 26.Qe1 Ne5 27.h4 Rg8 28.Qe3 Qd7 29.Qd4 Be6+ 30.Nxe6 Qxe6+
31.Kb1 a3 32.Nxe5 fxe5 33.Qd5 axb2 34.Qxe6 fxe6 35.Kxb2 Rgb8+ 36.Kc2 Ra2+
37.Kd3 d5 38.Ke3 Rb3 39.Rc1 Bb4 40.Kd3 Bc5 41.Rc2 e4+ 42.Kd2 Be3+  0-1

[Event "XXIX Open A"]
[Site "Zalakaros HUN"]
[Date "2010.05.29"]
[Round "4"]
[White "Jamrich,G"]
[Black "Nemeth,Mi1"]
[Result "0-1"]
[WhiteElo "2322"]
[BlackElo "2468"]

1.e4 c5 2.Nf3 d6 3.d4 cxd4 4.Nxd4 Nf6 5.Nc3 Nc6 6.Bg5 e6 7.Be2 a6 8.O-O Bd7
9.Kh1 Be7 10.f4 O-O 11.Nb3 Qc7 12.a3 b5 13.Bf3 Rac8 14.Re1 h6 15.Bxf6 Bxf6
16.Re3 Rfd8 17.Qd2 Be8 18.Rd1 b4 19.axb4 Nxb4 20.Qe2 Qb6 21.e5 dxe5 22.Rxd8 Bxd8
23.Rxe5 Bf6 24.Re4 a5 25.Qd2 Rd8 26.Qc1 Bc6 27.Re2 Bxf3 28.gxf3 Bxc3 29.bxc3 Qc6
30.Kg2 Qxc3 31.Nxa5 Rc8 32.Qe3 Qc7 33.Qe5 Qb6 34.c3 Nd3 35.Qe4 Rxc3 36.Rd2 f5
37.Qa4 Qe3 38.Nc4 Nxf4+  0-1

[Event "ch-CRO Playoff"]
[Site "Zagreb CRO"]
[Date "2010.05.30"]
[Round "3"]
[White "Saric,Iv"]
[Black "Jankovic,A"]
[Result "1-0"]
[WhiteElo "2580"]
[BlackElo "2559"]

1.e4 c5 2.Nf3 d6 3.d4 cxd4 4.Nxd4 Nf6 5.Nc3 Nc6 6.Bg5 e6 7.Qd2 a6 8.O-O-O Bd7
9.f4 b5 10.Bxf6 gxf6 11.Kb1 Qb6 12.Nxc6 Bxc6 13.Qe1 Ra7 14.f5 Qc5 15.Bd3 Rc7
16.Rf1 b4 17.Ne2 e5 18.Qh4 a5 19.b3 Ke7 20.Bc4 h5 21.Ng3 Bh6 22.Nxh5 Bg5
23.Qg4 a4 24.h4 Bh6 25.Rd3 Bb5 26.Rd5 Qe3 27.Rxb5 Qc3 28.Qg3 Be3 29.Qg7 Rh7
30.Qxh7 d5 31.Nxf6 Kxf6 32.Qh8+ Ke7 33.f6+ Kd7 34.Rxd5+  1-0

[Event "AES Dominicana"]
[Site "Santo Domingo DOM"]
[Date "2010.06.02"]
[Round "1"]
[White "Smith,Bry"]
[Black "Santos,Genesis"]
[Result "1-0"]
[WhiteElo "2468"]
[BlackElo "2116"]

1.e4 c5 2.Nf3 Nc6 3.d4 cxd4 4.Nxd4 Nf6 5.Nc3 d6 6.Bg5 e5 7.Nf5 Bxf5 8.exf5 Be7
9.Bc4 O-O 10.O-O Nd4 11.Bxf6 Bxf6 12.Qd3 Rc8 13.Bb3 Re8 14.Rad1 a6 15.Nd5 Nxb3
16.Qxb3 b5 17.c3 e4 18.Qa3 Ra8 19.Rfe1 Re5 20.Ne3 d5 21.Qb3 Qe8 22.Rxd5 Re7
23.Rdd1 Re5 24.Qb4 Be7 25.Qd4 Bc5 26.Qd7 Re7 27.Qxe8+ Raxe8 28.f6 Re6 29.fxg7 Kxg7
30.Rd7 Kg6 31.Nd5 Re5 32.b4 e3 33.f4 R5e7 34.Rxe7 Rxe7  1-0

[Event "2nd Limpedea Cup"]
[Site "Baia Sprie ROM"]
[Date "2010.06.03"]
[Round "11"]
[White "Burnoiu,N1"]
[Black "Shishkin,Va UKR"]
[Result "1/2-1/2"]
[WhiteElo "2403"]
[BlackElo "2513"]

1.e4 c5 2.Nf3 Nc6 3.d4 cxd4 4.Nxd4 Nf6 5.Nc3 d6 6.Bg5 e6 7.Qd2 a6 8.O-O-O Bd7
9.Kb1 Be7 10.f3 Qc7 11.g4 h5 12.gxh5 Rxh5 13.h4 O-O-O 14.Be2 Ne8 15.f4 Rh8
16.f5 Bxg5 17.Qxg5 Kb8 18.fxe6 fxe6 19.Bg4 Nxd4 20.Rxd4 Nf6 21.Rd2 Bc8 22.Rhd1 Nxg4
23.Qxg4 Qe7 24.Rh2 Bd7 25.Rg1 Rh7 26.Qg5 Qxg5 27.Rxg5 Bc6 28.Kc1 Rf8 29.Rg4 Rf6
30.Kd2 Rfh6 31.Ke3 e5 32.Rhg2 Rxh4 33.Rxh4 Rxh4 34.Rxg7 Rh2 35.Kd3 Rh3+ 36.Kd2 Rh2+
37.Kd3 Rh3+  1/2-1/2

[Event "XXIX Open A"]
[Site "Zalakaros HUN"]
[Date "2010.06.03"]
[Round "9"]
[White "Antal,T"]
[Black "Pataki,G"]
[Result "0-1"]
[WhiteElo "2153"]
[BlackElo "2310"]

1.e4 c5 2.Nf3 d6 3.d4 cxd4 4.Nxd4 Nf6 5.Nc3 Nc6 6.Bg5 e6 7.Qd2 a6 8.O-O-O Qb6
9.Bxf6 gxf6 10.Nb3 Bd7 11.f4 h5 12.Be2 Na5 13.Kb1 Nxb3 14.axb3 O-O-O 15.Rhf1 Be7
16.f5 Kb8 17.Bc4 Rdg8 18.g3 h4 19.Ne2 hxg3 20.hxg3 Rh2 21.Qc3 Qc5 22.Nf4 Qc8
23.Rf3 b5 24.Bf1 Qxc3 25.bxc3 Bf8 26.Bh3 e5 27.Nd5 Bc6 28.Nxf6 Rh8 29.Bf1 Rh1
30.Nd5 Rg1 31.Be2 Rxd1+ 32.Bxd1 Bxd5 33.exd5 Rh1 34.Rd3 e4 35.Rd4 Bg7 36.Rxe4 Rxd1+
37.Kb2 Be5 38.Rg4 Rg1 39.Rg8+ Kb7 40.Rf8 b4 41.Rxf7+ Kb6 42.Rd7 Bxc3+  0-1

[Event "3rd Mayor's Cup"]
[Site "Mumbai IND"]
[Date "2010.06.10"]
[Round "11"]
[White "Tirto"]
[Black "Deepan,C"]
[Result "1-0"]
[WhiteElo "2358"]
[BlackElo "2488"]

1.e4 c5 2.Nf3 d6 3.d4 cxd4 4.Nxd4 Nf6 5.Nc3 Nc6 6.Bg5 e6 7.Qd2 a6 8.O-O-O Bd7
9.f3 b5 10.Kb1 Be7 11.h4 O-O 12.g4 Rc8 13.Be3 Nxd4 14.Bxd4 b4 15.Ne2 e5 16.Be3 Qc7
17.Ng3 d5 18.g5 d4 19.Bf2 Ne8 20.Nf5 Be6 21.Bd3 Bc5 22.Bg3 Nd6 23.Bxe5 Nxe4
24.Qf4 Nc3+ 25.Kc1 Bd6 26.Bxd6 Ne2+ 27.Kd2 Nxf4 28.Bxc7 Rxc7 29.Nxd4 Nxd3
30.Kxd3 Rd8 31.Rd2 g6 32.Rhd1 Bxa2 33.b3 Re8 34.Re2 Rc3+ 35.Kd2 Ra8 36.Ra1 Rd8
37.Re4 Bxb3 38.cxb3 Rxb3 39.Rxa6 Rxf3 40.Rb6 h6 41.Ke2 Rc3 42.Rxb4 hxg5 43.hxg5 Rd5
44.Re8+ Kh7 45.Rb7  1-0

[Event "9th TCh-BIH Premier"]
[Site "Bihac BIH"]
[Date "2010.06.12"]
[Round "8"]
[White "Marjanovic,Dej"]
[Black "Stojanovic,Da"]
[Result "0-1"]
[WhiteElo "2043"]
[BlackElo "2481"]

1.e4 c5 2.Nf3 d6 3.d4 cxd4 4.Nxd4 Nf6 5.Nc3 Nc6 6.Bg5 Qb6 7.Nb3 e6 8.Qd2 Be7
9.O-O-O O-O 10.f3 Rd8 11.Be3 Qc7 12.Kb1 a6 13.Qf2 Nd7 14.h4 b5 15.g4 Nce5
16.g5 Bb7 17.h5 b4 18.Ne2 d5 19.exd5 Bxd5 20.Ned4 a5 21.g6 a4 22.gxh7+ Kh8
23.Nb5 Qb7 24.N3d4 b3 25.cxb3 axb3 26.a3 Nxf3 27.Nc3 Nd2+ 28.Rxd2 Bxh1 29.h6 Bf6
30.hxg7+ Bxg7 31.Qg3 Ne5 32.Bg2 Bxg2 33.Rxg2 Ng6 34.Nxe6 fxe6 35.Qxg6 Qd7
36.Bh6 Bxh6  0-1

[Event "TCh-SUI 2010"]
[Site "Switzerland SUI"]
[Date "2010.06.13"]
[Round "4.2"]
[White "Bindrich,F"]
[Black "Forster,Ri"]
[Result "1-0"]
[WhiteElo "2512"]
[BlackElo "2438"]

1.e4 c5 2.Nf3 d6 3.d4 cxd4 4.Nxd4 Nf6 5.Nc3 Nc6 6.Bg5 e6 7.Qd2 Be7 8.O-O-O Nxd4
9.Qxd4 a6 10.f3 O-O 11.h4 b5 12.Kb1 Bb7 13.Qd2 Rc8 14.Bd3 b4 15.Ne2 d5 16.e5 Ne4
17.Qe1 Qc7 18.Bxe7 Qxe7 19.Nd4 Nc5 20.Qxb4 Qc7 21.Nb3 Nxd3 22.cxd3 a5 23.Nxa5 Ba6
24.Qd2 Qxe5 25.Nb3 Qf5 26.Qe3 h5 27.Nd4 Qf6 28.f4 Rb8 29.g3 Rb4 30.Nb3 d4
31.Qe5 Qg6 32.Nc5 Bc8 33.a3 Rb5 34.Qxd4 e5 35.fxe5 Qb6 36.Rc1 Bf5 37.Ka1 Rc8
38.Qf2 Rbxc5 39.Rxc5 Rxc5 40.Qxf5 Rc2 41.Rb1 Qb5 42.d4 Rd2 43.Qc8+ Kh7 44.Qc3 Qe2
45.Qb3 Rxd4 46.Qxf7 Qxe5 47.Rf1 Rd5 48.Qf3 Rb5 49.Qd3+ g6 50.Rf7+ Kh6 51.Qd2+ g5
52.hxg5+  1-0

[Event "14th Master Open"]
[Site "Voronezh RUS"]
[Date "2010.06.14"]
[Round "3"]
[White "Kozlitin,O"]
[Black "Golovin,Leo"]
[Result "1/2-1/2"]
[WhiteElo "2337"]
[BlackElo "2448"]

1.e4 c5 2.Nf3 d6 3.d4 cxd4 4.Nxd4 Nf6 5.Nc3 Nc6 6.Bg5 e6 7.Qd2 Be7 8.O-O-O O-O
9.f4 h6 10.Bh4 e5 11.Nf5 Bxf5 12.exf5 Qa5 13.Kb1 Rad8 14.Bxf6 Bxf6 15.Nd5 Qxd2
16.Rxd2 Rfe8 17.Be2 exf4 18.Nxf6+ gxf6 19.Rf1 Re4 20.Bd3 Re3 21.a3 Ne5 22.Rxf4 Nxd3
23.Rxd3 Rxd3 24.cxd3 Re8 25.Ra4 a6 26.Rb4 b5 27.Rd4 Re2 28.Rxd6 Rxg2 29.Rxa6 Rf2
30.Rxf6 Kg7 31.Rb6 Rxf5 32.Kc2 f6 33.d4 Kg6 34.Kd3 Kg5 35.Ke4 Rf2 36.Rxb5+ f5+
37.Ke3 Rxh2 38.d5 f4+ 39.Kd3 Kf5 40.d6+ Ke6 41.Ke4 Rf2 42.Rd5 Kd7 43.b4 Rf1
44.Rd3 h5 45.Rf3 Rh1 46.Ke5 Re1+ 47.Kxf4 Kxd6 48.Rh3 Rf1+ 49.Kg5 Ke5 50.Kxh5 Kf5
51.Kh6 Kf6 52.b5 Rb1 53.a4 Rb4 54.Rf3+ Ke6 55.Ra3 Kf6 56.Kh5 Kf5 57.Ra1 Kf6
58.Ra2 Kf5  1/2-1/2

[Event "14th Master Open"]
[Site "Voronezh RUS"]
[Date "2010.06.15"]
[Round "4"]
[White "Khruschiov,A"]
[Black "Zinchenko,Ya"]
[Result "0-1"]
[WhiteElo "2413"]
[BlackElo "2547"]

1.e4 c5 2.Nf3 d6 3.d4 cxd4 4.Nxd4 Nf6 5.Nc3 Nc6 6.Bg5 e6 7.Qd2 a6 8.O-O-O Bd7
9.f3 Be7 10.h4 h6 11.Be3 h5 12.Kb1 Qc7 13.Qf2 Ne5 14.Qg3 b5 15.Bd3 b4 16.Nce2 g6
17.f4 Neg4 18.Bd2 d5 19.e5 Ne4 20.Bxe4 dxe4 21.Qe1 Qb6 22.Bc1 e3 23.Ng3 Nf2
24.Bxe3 Nxd1 25.Qxd1 Qb7 26.Qe2 Bc6 27.Nxc6 Qxc6 28.Bd4 Rd8 29.c3 bxc3 30.Bxc3 Qd5
31.Ne4 Qd3+ 32.Qxd3 Rxd3 33.g3 Re3 34.Re1 Rxe1+ 35.Bxe1 Kd7 36.Bc3 Kc6 37.Kc2 Rd8
38.b3 Bc5 39.Be1 Bd4 40.Ng5 Kd5 41.Nxf7 Rc8+ 42.Kd1 Bc5 43.Ng5 Ba3 44.Bd2 Be7
45.Nf3 Ke4 46.Ne1 Kf5 47.Nc2 Kg4 48.Be1 Bc5 49.b4 Bg1 50.Kd2 Bh2 51.Ne3+  0-1

[Event "14th FIDE Open"]
[Site "Voronezh RUS"]
[Date "2010.06.15"]
[Round "4"]
[White "Ponomariov,T"]
[Black "Golovchanov,A"]
[Result "1/2-1/2"]
[WhiteElo "2268"]
[BlackElo "2061"]

1.e4 c5 2.Nf3 d6 3.d4 cxd4 4.Nxd4 Nf6 5.Nc3 Nc6 6.Bg5 Bd7 7.Be2 Qa5 8.Bxf6 gxf6
9.O-O Nxd4 10.Qxd4 Rc8 11.f4 Qc5 12.Qxc5 Rxc5 13.f5 Bh6 14.Rad1 a6 15.a4 Re5
16.Rf3 Bc6 17.Bd3 O-O 18.Kf2 Rc8 19.Rg3+ Kh8 20.Rh3 Kg7 21.Rg3+ Kh8 22.Rh3 Kg7
23.Rg3+ Kh8  1/2-1/2

[Event "XXVIII Balaton GM2"]
[Site "Heviz HUN"]
[Date "2010.06.19"]
[Round "1"]
[White "Bokros,A"]
[Black "Hoelzl,F"]
[Result "1-0"]
[WhiteElo "2486"]
[BlackElo "2325"]

1.e4 c5 2.Nf3 Nc6 3.d4 cxd4 4.Nxd4 Nf6 5.Nc3 d6 6.Bg5 e6 7.Qd2 Qb6 8.Nb3 Be7
9.f3 O-O 10.O-O-O d5 11.exd5 Nxd5 12.Nxd5 exd5 13.Bxe7 Nxe7 14.Bd3 Nc6 15.f4 a5
16.f5 f6 17.Be2 Rd8 18.g4 d4 19.g5 d3 20.Bxd3 Bxf5 21.Bc4+ Kh8 22.Qf4 Bg6
23.gxf6 a4 24.Rxd8+ Rxd8 25.f7 Bxf7 26.Bxf7 axb3 27.Bxb3 Nd4 28.Kb1 Nxb3
29.axb3 h6 30.Re1 Qa5 31.c3 Qd5 32.Qc4 Qd6 33.Qe2 Qd5 34.b4 Qb3 35.Qc2 Qc4
36.Qg6 Qb5 37.Rg1 Qd7 38.b5 Rg8 39.c4 Qc7 40.Rc1 Qe5 41.Qg2 Qf5+ 42.Qc2 Qc5
43.Qe4 b6 44.Rd1 Qh5 45.Rd2 Re8 46.Qd5 Qg6+ 47.Ka2 Re1 48.Qd8+ Re8 49.Qd3 Qf7
50.Qd5 Qa7+ 51.Kb3 Qa5 52.Rd3 Qe1 53.Qd4 Qe2 54.Rg3 Rg8 55.Re3 Qxh2 56.Qxb6 Qd2
57.Qa7 Qd1+ 58.Ka2 Qc2 59.Qd4 Rc8 60.Rc3 Qa4+ 61.Kb1 Qb4 62.Rc1 Qe7 63.c5 Rd8
64.Qc4 Qe5 65.b6 Rd2 66.Qb4 Rd4 67.Qc3 Qe4+ 68.Qc2 Qc6 69.Re1 Rd5 70.Qe4  1-0

[Event "14th FIDE Open"]
[Site "Voronezh RUS"]
[Date "2010.06.19"]
[Round "7"]
[White "Ponomariov,T"]
[Black "Provkin,V"]
[Result "0-1"]
[WhiteElo "2268"]
[BlackElo "2204"]

1.e4 c5 2.Nf3 d6 3.d4 Nf6 4.Nc3 cxd4 5.Nxd4 Nc6 6.Bg5 Bd7 7.Be2 e6 8.Ndb5 Qb8
9.a4 a6 10.Na3 Be7 11.Nc4 Qc7 12.O-O Ne5 13.Nxe5 dxe5 14.Qd3 O-O 15.Rfd1 Rfd8
16.Qc4 Qxc4 17.Bxc4 Bb4 18.Rd3 Rac8 19.Bb3 Be8 20.Na2 Bc5 21.Rf3 Rd4 22.Bxf6 gxf6
23.Re1 Rcd8 24.Nc3 b5 25.axb5 axb5 26.Rfe3 R4d6 27.Rg3+ Kf8 28.Nb1 Bc6 29.Kf1 b4
30.c4 Bd4 31.Re2 f5 32.exf5 exf5 33.Rd3 e4 34.Rd1 Ke7 35.Red2 Kf6 36.Ke2 Ke5
37.Rc2 f4 38.Nd2 Bc5 39.Rcc1 Rg8 40.g3 f3+ 41.Ke1 Rh6 42.Nf1 Bd4 43.Rc2 Rd8
44.Rcd2 Rhd6 45.c5 Bxc5 46.Rxd6 Rxd6 47.Rxd6 Kxd6 48.Bxf7 Bd4 49.b3 Bb5 50.Ne3 Bc3+
51.Kd1 Be2+  0-1

[Event "14th Master Open"]
[Site "Voronezh RUS"]
[Date "2010.06.20"]
[Round "8"]
[White "Khruschiov,A"]
[Black "Romanov,E"]
[Result "1/2-1/2"]
[WhiteElo "2413"]
[BlackElo "2594"]

1.e4 c5 2.Nf3 d6 3.d4 cxd4 4.Nxd4 Nf6 5.Nc3 Nc6 6.Bg5 e6 7.Qd2 a6 8.O-O-O Qb6
9.f3 Nxd4 10.Qxd4 Qxd4 11.Rxd4 Bd7 12.Be2 Bc6 13.Rhd1 Be7 14.a4 Rc8 15.Bh4 O-O
16.b4 Rc7 17.b5 Bd7 18.e5 dxe5 19.Rc4 Rxc4 20.Bxc4 Bc8 21.Kb2 Bc5 22.Bxf6 gxf6
23.Ne4 Be7 24.Nd6 axb5 25.Bxb5 b6 26.Kb3 Rd8 27.Nxc8 Rxc8 28.Rd7 Bc5 29.Ba6 Ra8
30.Bb7 Ra5 31.Rd8+ Kg7 32.Ra8 Rxa8 33.Bxa8 Bg1 34.h3 f5 35.Kc4 Kf6 36.Bc6 h6
37.Kd3 Bc5 38.Bb5 Ba3 39.Bc6 Bd6 40.Bb5  1/2-1/2

[Event "14th Master Open"]
[Site "Voronezh RUS"]
[Date "2010.06.21"]
[Round "9"]
[White "Panarin,M"]
[Black "Severiukhina,Z"]
[Result "1-0"]
[WhiteElo "2521"]
[BlackElo "2321"]

1.e4 c5 2.Nf3 d6 3.d4 cxd4 4.Nxd4 Nf6 5.Nc3 Nc6 6.Bg5 e6 7.Qd2 Be7 8.O-O-O a6
9.f4 Nxd4 10.Qxd4 b5 11.Be2 Bb7 12.Bf3 O-O 13.e5 Bxf3 14.exf6 gxf6 15.gxf3 fxg5
16.Ne4 d5 17.h4 Qc7 18.Nxg5 Rac8 19.Rh2 Bc5 20.Qd3 Qxf4+ 21.Kb1 Qf5 22.Qxf5 exf5
23.Rg2 Rfe8 24.c3 f6 25.Ne6+ Kf7 26.Nxc5 Rxc5 27.Rdg1 Re3 28.Rg7+ Ke6 29.Rxh7 Rc4
30.Ra7 Ra4 31.Rf1 Ke5 32.h5 b4 33.h6 bxc3 34.Re7+ Kd4 35.h7 c2+ 36.Kc1 Rxe7
37.h8=Q Rxa2 38.Qxf6+  1-0

[Event "14th FIDE Open"]
[Site "Voronezh RUS"]
[Date "2010.06.21"]
[Round "9"]
[White "Ponomariov,T"]
[Black "Ajrapetian,N"]
[Result "1-0"]
[WhiteElo "2268"]
[BlackElo "2071"]

1.e4 c5 2.Nf3 d6 3.d4 cxd4 4.Nxd4 Nf6 5.Nc3 Nc6 6.Bg5 Bd7 7.Be2 Qa5 8.Bxf6 gxf6
9.O-O Nxd4 10.Qxd4 Rc8 11.Nd5 Qc5 12.Qd3 Qxc2 13.Qe3 Qc5 14.Qb3 Bg7 15.Qxb7 e6
16.Bb5 Qxb5 17.Qxc8+ Bxc8 18.Nc7+ Kd7 19.Nxb5 Ba6 20.a4 Rc8 21.Rfc1 Rxc1+
22.Rxc1 Bxb5 23.axb5 f5 24.Ra1 Bd4 25.Ra4 e5 26.exf5 d5 27.Rxd4 exd4 28.g4 Kd6
29.f4 Kc5 30.Kf2 Kc4 31.Ke2 d3+ 32.Ke3 d2 33.Kxd2 Kd4 34.f6 Ke4 35.f5 Ke5
36.Ke3 Kxf6 37.Kf4 h6 38.h4 d4 39.g5+  1-0

[Event "14th FIDE Open"]
[Site "Voronezh RUS"]
[Date "2010.06.21"]
[Round "9"]
[White "Zakhartsov,Vl"]
[Black "Bujlov,I"]
[Result "0-1"]
[WhiteElo "2048"]
[BlackElo "2232"]

1.e4 c5 2.Nf3 d6 3.d4 cxd4 4.Nxd4 Nf6 5.Nc3 Nc6 6.Bg5 e6 7.Qd2 Qb6 8.O-O-O a6
9.Nxc6 bxc6 10.e5 dxe5 11.Bxf6 gxf6 12.Ne4 Bg7 13.Nd6+ Kf8 14.Nc4 Qc7 15.Qd8+ Qxd8
16.Rxd8+ Ke7 17.Rxh8 Bxh8 18.Nb6 Rb8 19.Nxc8+ Rxc8 20.Bxa6 Rb8 21.c3 f5 22.Bc4 e4
23.Kc2 Be5 24.b4 Bc7 25.a4 Bb6 26.Rf1 h5 27.a5 Ba7 28.Be2 h4 29.Kb3 Rd8 30.Kc2 f4
31.c4 h3 32.gxh3 f3 33.Bd1 Bd4 34.b5 cxb5 35.cxb5 Rd5 36.Kb3 Rxb5+ 37.Kc4 Rd5
38.a6 Ba7 39.Bc2 f5 40.Kc3 Ra5 41.h4 Rxa6 42.h5 Rc6+ 43.Kd2 Rc8 44.Bb3 Rd8+
45.Kc2 Rh8 46.Rg1 Bxf2 47.Rg7+ Kd6 48.Rg6 Rxh5 49.Rxe6+ Kd7  0-1

[Event "Open"]
[Site "Eforie Nord ROU"]
[Date "2010.06.25"]
[Round "9"]
[White "Nabaty,T"]
[Black "Nevednichy,V"]
[Result "0-1"]
[WhiteElo "2493"]
[BlackElo "2560"]

1.e4 c5 2.Nf3 d6 3.d4 cxd4 4.Nxd4 Nf6 5.Nc3 Nc6 6.Bg5 e6 7.Qd2 a6 8.O-O-O Bd7
9.f3 Be7 10.Kb1 Qc7 11.Be3 h5 12.Nxc6 bxc6 13.Bf4 e5 14.Bg5 Be6 15.Bxf6 gxf6
16.f4 exf4 17.Ne2 Rb8 18.Nxf4 Qb6 19.c3 a5 20.Be2 Qc5 21.Qd4 Qa3 22.c4 c5
23.Qd2 f5 24.e5 dxe5 25.Nxe6 fxe6 26.Rhf1 Kf7 27.Rf3 Qb4 28.Qc2 Qb7 29.g4 e4
30.Rb3 Qc7 31.gxf5 exf5 32.Rf1 Qe5 33.Qd2 Rxb3 34.axb3 Bf6 35.Rg1 Rd8 36.Bxh5+ Ke7
37.Qe2 Rb8 38.Rg3 a4 39.Bg6 Rxb3  0-1

[Event "1st Open"]
[Site "Marrakesh MAR"]
[Date "2010.06.26"]
[Round "2"]
[White "Luther,T"]
[Black "Maatoug,R"]
[Result "1-0"]
[WhiteElo "2541"]
[BlackElo "2230"]

1.e4 c5 2.Nf3 Nc6 3.d4 cxd4 4.Nxd4 Nf6 5.Nc3 d6 6.Bg5 e6 7.Qd2 Be7 8.O-O-O a6
9.f3 Qc7 10.h4 Rb8 11.Kb1 Nxd4 12.Qxd4 b5 13.Qd2 b4 14.Ne2 h6 15.Bxf6 gxf6
16.g4 Bb7 17.Nf4 Rd8 18.Bd3 d5 19.exd5 e5 20.Nh5 Bxd5 21.Qe2 Qc6 22.Rhf1 Bc5
23.Be4 Bd4 24.Rxd4  1-0

[Event "1st Open"]
[Site "Marrakesh MAR"]
[Date "2010.06.28"]
[Round "5"]
[White "Daurelle,H"]
[Black "Ait Zirri,R"]
[Result "1/2-1/2"]
[WhiteElo "2249"]
[BlackElo "1499"]

1.e4 c5 2.Nf3 d6 3.d4 cxd4 4.Nxd4 Nf6 5.Nc3 Nc6 6.Bg5 e6 7.Qd2 a6 8.O-O-O h6
9.Nxc6 bxc6 10.Bf4 d5 11.Qe3 Bb4 12.Be2 Bxc3 13.Qxc3 Nxe4 14.Qxg7 Qf6 15.Qxf6 Nxf6
16.Be5 Ke7 17.g4 Rg8 18.f3 Nd7 19.Bg3 a5 20.f4 Ba6 21.Bf3 a4 22.Rhe1 f6 23.h4 Kd6
24.h5 Raf8 25.Re3 e5 26.Be4 Bc8 27.Bf5 Re8 28.c4 Nb6 29.fxe5+ fxe5 30.Bxc8 Nxc8
31.Rde1 Rg5 32.Bf4 Rxg4 33.Bxe5+ Rxe5 34.Rxe5  1/2-1/2

[Event "IsBank TCh-TUR"]
[Site "Konya TUR"]
[Date "2010.07.01"]
[Round "4"]
[White "Solak,D"]
[Black "Miroshnichenko,E"]
[Result "1/2-1/2"]
[WhiteElo "2547"]
[BlackElo "2684"]

1.e4 c5 2.Nf3 d6 3.d4 cxd4 4.Nxd4 Nf6 5.Nc3 Nc6 6.Bg5 Bd7 7.Qd2 Rc8 8.f4 Ng4
9.h3 Qb6 10.Nxc6 Rxc6 11.Bb5 Ne3 12.Bxc6 Bxc6 13.f5 Nc4 14.Qd3 Nxb2 15.Qe2 g6
16.Nd5 Qd4 17.c3 Qd3 18.Qxb2 Qg3+ 19.Qf2 Qxg5 20.O-O gxf5 21.h4 Qg4 22.Qxa7 f6
23.Rf4 Qe2 24.Raf1 Kf7 25.R1f2 Qe1+ 26.Rf1 Qe2 27.R1f2 Qe1+ 28.Rf1 Qe2  1/2-1/2

[Event "King's Gambit B"]
[Site "Lipetsk RUS"]
[Date "2010.07.01"]
[Round "9"]
[White "Bezgodova,M"]
[Black "Rysbayeva,A"]
[Result "1/2-1/2"]
[WhiteElo "2193"]
[BlackElo "2219"]

1.e4 c5 2.Ne2 Nc6 3.d4 cxd4 4.Nxd4 Nf6 5.Nc3 d6 6.Bg5 e6 7.Qd2 Qb6 8.O-O-O Be7
9.f4 Qxd4 10.Qxd4 Nxd4 11.Rxd4 a6 12.Be2 Bd7 13.Kb1 Bc6 14.Bf3 h6 15.Bh4 g5
16.fxg5 Nd7 17.Bg3 hxg5 18.h3 Ne5 19.Be2 Rd8 20.Rf1 Rh6 21.Rdd1 Rd7 22.Rf2 Bd8
23.Bd3 Bb6 24.Rff1 Ke7 25.Ne2 Be3 26.Ng1 Nxd3 27.cxd3 f5 28.Rde1 f4 29.Bf2 Bb5
30.Rd1 Bxf2 31.Rxf2 e5 32.Nf3 Kf6 33.d4 Rhh7 34.b3 exd4 35.Rxd4 Rhg7 36.Rfd2 g4
37.hxg4 Rxg4 38.Rxd6+ Rxd6 39.Rxd6+ Ke7 40.Rd2 Bc6 41.Re2 Bb5 42.Rf2 Ke6
43.Kc2 Rg8 44.a4 Rc8+ 45.Kd2 Rd8+ 46.Kc3 Rc8+ 47.Kd4 Rd8+ 48.Kc5 Bc6 49.Nd4+ Ke5
50.Nxc6+ bxc6 51.Kxc6 Rb8 52.Rb2 Rb4 53.a5  1/2-1/2

[Event "5th Open"]
[Site "Wroclaw POL"]
[Date "2010.07.01"]
[Round "8"]
[White "Bures,J"]
[Black "Malec,S"]
[Result "1-0"]
[WhiteElo "2327"]
[BlackElo "2114"]

1.e4 c5 2.Nf3 Nc6 3.d4 cxd4 4.Nxd4 Nf6 5.Nc3 d6 6.Bg5 e6 7.Qd2 a6 8.O-O-O Bd7
9.f4 h6 10.Bh4 g5 11.fxg5 Ng4 12.Be2 Nge5 13.Nf3 Be7 14.Rhg1 b5 15.a3 Rg8
16.Kb1 hxg5 17.Bg3 Qc7 18.Rgf1 O-O-O 19.a4 Qa5 20.axb5 axb5 21.Nxb5 Nb4 22.Qc3+ Kb7
23.Qa3 Qxa3 24.bxa3 Bxb5 25.Bxb5 Kb6 26.Nxe5 dxe5 27.Rxd8 Rxd8 28.Rxf7 Bd6
29.Rd7 Rxd7 30.Bxd7 Na6 31.Bxe6 Nc7 32.Bc4 Kc5 33.Bd3 Kd4 34.Bf2+ Kc3 35.Be1+ Kd4
36.a4 Ne6 37.a5 Ke3 38.a6 Bc5 39.Kc1 g4 40.Bg3 Nf4 41.Bxf4+ Kxf4 42.Kd2 Ba7
43.Ke2 Bb6 44.g3+ Kg5 45.Kf1 Ba7 46.Kg2 Bb6 47.Bb5 Ba7 48.Bd7 Bb6 49.Kf1 Ba7
50.Ke2 Bb6 51.Kd3  1-0